00709nam a2200157Ia 4500008004100000082001600041100002000057245006100077260003400138300000900172650001500181942001200196999001500208952016400223952016400387191201s2010 xx 000 0 und d a677.02bLEH aLEVIN, Menachem 0aHandbook of Fiber Science and Technology Fiber Chemistry aNew YorkbMarcel Dekkerc2010 a1090 aB.Tech(TE) 2ddccBK c4505d4505 00102ddc40708BTECHTEaPIETbPIETd2010-04-27eIndian International Text Bookg14258.00hIVk1284l0o677.02 LEHp15326r2019-12-04 00:00:00w2010-02-19yBK 00102ddc40708BTECHTEaPIETbPIETd2010-04-27eIndian International Text Bookg14258.00hIVk1284l0o677.02 LEHp15327r2019-12-04 00:00:00w2010-02-19yBK